[Event "Seville-ch Primera"]
[Site "Seville"]
[Date "2013.02.02"]
[Round "2.1"]
[White "Cortes Montoya, Antonio"]
[Black "Jimenez Garcia, Victoriano"]
[Result "0-1"]
[WhiteElo "1940"]
[BlackElo "1832"]
[PlyCount "67"]
[EventDate "2013.01.26"]
[EventType "tourn"]
[EventRounds "9"]
[EventCountry "ESP"]
[SourceTitle "EXT 2024"]
[Source "ChessBase"]
[SourceDate "2023.10.10"]
[SourceVersion "1"]
[SourceVersionDate "2023.10.10"]
[SourceQuality "1"]

1. c4 e5 2. Nc3 Nf6 3. g3 d5 4. cxd5 Nxd5 5. Bg2 Nb6 6. Nf3 Nc6 7. 0-0 Be7 8. d3 0-0 9. a3 Be6 10. Be3 f6 11. Rc1 Nd4 12. Nd2 c6 13. Nce4 Bd5 14. Bxd4 exd4 15. Nb3 a5 16. Nbc5 f5 17. Nxb7 Qb8 18. Nec5 Ra7 19. Bxd5+ Nxd5 20. Nd7 Qxb7 21. Nxf8 Bxf8 22. Qc2 Ra6 23. Qc4 Qa7 24. Qa4 Qb6 25. Qc4 a4 26. Rc2 Kh8 27. Rfc1 Qa7 28. Qa2 Qb7 29. Qc4 c5 30. Re1 f4 31. Rb1 fxg3 32. hxg3 Rh6 33. f3 Ne3 34. Qxa4 0-1

[Event "Seville-ch"]
[Site "Seville"]
[Date "2013.01.30"]
[Round "5"]
[White "Cortes Montoya, Antonio"]
[Black "Perez Garcia, Roberto"]
[Result "0-1"]
[WhiteElo "2016"]
[BlackElo "2113"]
[PlyCount "56"]
[EventDate "2013.01.26"]
[EventType "swiss"]
[EventRounds "6"]
[EventCountry "ESP"]
[SourceTitle "EXT 2014"]
[Source "ChessBase"]
[SourceDate "2013.11.20"]
[SourceVersion "1"]
[SourceVersionDate "2013.11.20"]
[SourceQuality "1"]

1. d4 Nf6 2. c4 g6 3. Nf3 Bg7 4. Nc3 d5 5. Qb3 dxc4 6. Qxc4 0-0 7. e4 Na6 8. e5 Nd7 9. e6 fxe6 10. Qxe6+ Kh8 11. Be2 Ne5 12. Qd5 Nb4 13. Qb3 Nxf3+ 14. Bxf3 Nd3+ 15. Ke2 Qxd4 16. Be3 Nf4+ 17. Ke1 Qe5 18. Rd1 Be6 19. Qa4 c6 20. Rd2 Nd5 21. Nxd5 Bxd5 22. Bxd5 cxd5 23. Ke2 Rad8 24. f4 Qh5+ 25. Ke1 e5 26. fxe5 Bxe5 27. Bd4 Rde8 28. Re2 Qh4+ 0-1